[Event "IX. Rhein-Main-Open"]
[Site "Bad Homburg"]
[Date "2006.06.15"]
[Round "3.37"]
[White "Ullrich, Helmut"]
[Black "Kirschner, Matthias"]
[Result "1/2-1/2"]
[WhiteElo "1908"]
[BlackElo "1567"]
[PlyCount "97"]
[EventDate "2006.??.??"]

1. e4 d6 2. d4 Nf6 3. Bd3 e5 4. c3 Be7 5. Ne2 Nbd7 6. O-O O-O 7. Nd2 b6 8. Ng3
Bb7 9. Nf5 h6 10. Qf3 Nh7 11. Qg3 g6 12. Nxh6+ Kh8 13. Nf3 Bf6 14. Ng4 Qe7 15.
Nxf6 Ndxf6 16. d5 Nh5 17. Qh4 Qxh4 18. Nxh4 Kg7 19. g4 Nf4 20. Bxf4 exf4 21.
Nf3 f6 22. h4 Rh8 23. g5 Rag8 24. Kg2 Nf8 25. Rh1 Bc8 26. gxf6+ Kxf6 27. Ng5
Bg4 28. f3 Bh5 29. Kf2 Nh7 30. Ne6 g5 31. hxg5+ Nxg5 32. Nxg5 Rxg5 33. Rag1
Rhg8 34. Rxg5 Rxg5 35. Rh4 Ke5 36. Bf1 Be8 37. Bh3 Rh5 38. Rxh5+ Bxh5 39. Bf1
Be8 40. Bh3 Bb5 41. b3 Bd3 42. Bf1 Bb1 43. a3 Bc2 44. b4 a5 45. Ke2 axb4 46.
axb4 Ba4 47. Kd2 c6 48. c4 cxd5 49. cxd5 1/2-1/2

[Event "IX. Rhein-Main-Open"]
[Site "Bad Homburg"]
[Date "2006.06.15"]
[Round "3.38"]
[White "Kempf, Alexander"]
[Black "Nahler, Michael"]
[Result "0-1"]
[WhiteElo "1654"]
[BlackElo "1842"]
[PlyCount "68"]
[EventDate "2006.??.??"]

1. e4 c5 2. Nf3 e6 3. d4 cxd4 4. Nxd4 Nf6 5. Nc3 d6 6. Be3 a6 7. f3 Nc6 8. Qd2
Qc7 9. O-O-O Be7 10. g4 h6 11. h4 b5 12. Bxb5 axb5 13. Ndxb5 Qb8 14. Nxd6+ Bxd6
15. Qxd6 Qxd6 16. Rxd6 Ne5 17. Bf4 Nxf3 18. Rd3 e5 19. Rxf3 Bxg4 20. Rf2 exf4
21. Rxf4 h5 22. b4 O-O 23. a4 Rfc8 24. Kb2 Rc4 25. b5 Rac8 26. Nb1 Rxa4 27. Kb3
Rxe4 28. Rxe4 Nxe4 29. c4 Be6 30. Rc1 Nd6 31. Nd2 Nxb5 32. Kb4 Nd4 33. c5 Rb8+
34. Ka5 Rb2 0-1

[Event "IX. Rhein-Main-Open"]
[Site "Bad Homburg"]
[Date "2006.06.15"]
[Round "3.39"]
[White "Braunberger, Gerald"]
[Black "Plattner, Rolf"]
[Result "1-0"]
[WhiteElo "1883"]
[BlackElo "1528"]
[PlyCount "35"]
[EventDate "2006.??.??"]

1. e4 c5 2. Nf3 e6 3. c4 Nc6 4. d4 cxd4 5. Nxd4 a6 6. Nc3 Nf6 7. Be2 Qc7 8. O-O
Rb8 9. Be3 Be7 10. Rc1 b6 11. Kh1 Nxd4 12. Bxd4 Bc5 13. e5 Ng8 14. Ne4 Nh6 15.
Nd6+ Ke7 16. Bc3 Nf5 17. Nxf5+ exf5 18. b4 1-0

[Event "IX. Rhein-Main-Open"]
[Site "Bad Homburg"]
[Date "2006.06.15"]
[Round "3.40"]
[White "Feigl, Markus"]
[Black "Witt, Holger"]
[Result "1-0"]
[WhiteElo "1751"]
[BlackElo "1438"]
[PlyCount "135"]
[EventDate "2006.??.??"]

1. e4 e6 2. d4 d5 3. e5 c5 4. c3 Nc6 5. Bb5 cxd4 6. cxd4 Qa5+ 7. Nc3 Bb4 8.
Bxc6+ bxc6 9. Nge2 Ba6 10. Bd2 Ne7 11. O-O Nf5 12. a3 Bxe2 13. axb4 Bxd1 14.
Rxa5 Bb3 15. Be3 O-O 16. Rfa1 Rab8 17. Rxa7 Rxb4 18. Rc7 Bc4 19. Rxc6 Rxb2 20.
Rc1 h6 21. h3 Rfb8 22. Rc7 R2b7 23. Rxb7 Rxb7 24. g4 Ne7 25. Na4 Bd3 26. Nc5
Rb1 27. Nxd3 Rxc1+ 28. Nxc1 Nc6 29. Nd3 Na5 30. Nc5 Nc4 31. Bc1 Kf8 32. f4 g6
33. Nd7+ Ke7 34. Nf6 Kf8 35. Kf2 Kg7 36. h4 Kh8 37. f5 Kg7 38. Ne8+ Kh7 39. Nd6
gxf5 40. gxf5 Kg7 41. f6+ Kg6 42. h5+ Kxh5 43. Nxf7 Kg6 44. Nxh6 Nb6 45. Ng8
Nd7 46. Ba3 Kf7 47. Nh6+ Kg6 48. Ng4 Kf7 49. Kg3 Kg6 50. Bc5 Kf7 51. Kh4 Kg6
52. Ne3 Nxf6 53. exf6 Kxf6 54. Bd6 Kg6 55. Kg4 Kf6 56. Kf4 Kg6 57. Ke5 Kf7 58.
Ng4 Ke8 59. Kxe6 Kd8 60. Kxd5 Kd7 61. Ne5+ Kc8 62. Kc6 Kd8 63. d5 Kc8 64. Be7
Kb8 65. Kb6 Kc8 66. d6 Kb8 67. d7 Ka8 68. d8=Q# 1-0

[Event "IX. Rhein-Main-Open"]
[Site "Bad Homburg"]
[Date "2006.06.15"]
[Round "3.41"]
[White "Lesic, Ivan"]
[Black "Schneider, Udo"]
[Result "1/2-1/2"]
[WhiteElo "1479"]
[BlackElo "1915"]
[PlyCount "127"]
[EventDate "2006.??.??"]

1. e4 e6 2. d4 d5 3. Nc3 Nf6 4. Bd3 c5 5. e5 Nfd7 6. Be3 cxd4 7. Bxd4 Nc6 8.
Nf3 Nxd4 9. Nxd4 Nxe5 10. Qe2 Nxd3+ 11. Qxd3 Bd7 12. O-O Be7 13. Rae1 O-O 14.
f4 Qb6 15. Kh1 Bf6 16. Nf3 Bc6 17. Ne5 Rac8 18. Rf3 d4 19. Rh3 g6 20. Ng4 Bg7
21. Nd1 f5 22. Ne5 Bxe5 23. fxe5 Be4 24. Qg3 Rxc2 25. Rg1 Qc6 26. Qg5 b5 27.
Rg3 f4 28. Rg4 f3 29. h4 fxg2+ 30. Kh2 Bf3 31. Rxd4 Qc5 32. Rd7 Bc6 33. Rd8 Kg7
34. Rxf8 Qxf8 35. Ne3 Rxb2 36. Ng4 Kh8 37. Nf6 Rf2 38. Qc1 Bd5 39. Qc7 Rxf6 40.
exf6 Qxf6 41. Qc8+ Kg7 42. Qc7+ Kh6 43. Qc1+ Kh5 44. Qg5+ Qxg5 45. hxg5 Kxg5
46. a3 Kg4 47. Rc1 a5 48. Rb1 Bc4 49. Rc1 Bf1 50. Rc7 h5 51. Rc6 Kf5 52. a4
bxa4 53. Rc5+ e5 54. Rxa5 g5 55. Rxa4 e4 56. Kg1 h4 57. Ra8 e3 58. Rf8+ Kg4 59.
Rf7 e2 60. Re7 Kf5 61. Re8 g4 62. Re7 h3 63. Re8 g3 64. Re5+ 1/2-1/2

[Event "IX. Rhein-Main-Open"]
[Site "Bad Homburg"]
[Date "2006.06.15"]
[Round "3.42"]
[White "Kempf, Jürgen"]
[Black "Wulfert, Olaf"]
[Result "0-1"]
[WhiteElo "1114"]
[BlackElo "1629"]
[PlyCount "38"]
[EventDate "2006.??.??"]

1. e4 c5 2. Nf3 g6 3. d4 Bg7 4. dxc5 Qa5+ 5. Nc3 Qxc5 6. Be3 Qc7 7. Qd2 d6 8.
O-O-O Nf6 9. Nb5 Qd7 10. Nxa7 O-O 11. h3 Nxe4 12. Qb4 Nf6 13. Ne5 Qe6 14. Nxc8
Rxc8 15. Qxb7 Nbd7 16. Bc4 Qxe5 17. Rhe1 Rab8 18. Qf3 Qxb2+ 19. Kd2 Qb4+ 0-1

[Event "IX. Rhein-Main-Open"]
[Site "Bad Homburg"]
[Date "2006.06.15"]
[Round "3.43"]
[White "Graw, Oliver"]
[Black "Krüger, Jens"]
[Result "1-0"]
[WhiteElo "1594"]
[BlackElo "1413"]
[PlyCount "51"]
[EventDate "2006.??.??"]

1. e4 d6 2. d4 Nf6 3. Nc3 g6 4. Bc4 Bg7 5. Nf3 O-O 6. O-O Nxe4 7. Nxe4 d5 8.
Bd3 dxe4 9. Bxe4 Bg4 10. Bxb7 Nd7 11. Bxa8 Qxa8 12. c3 Rd8 13. h3 Bf5 14. Qe2
c5 15. dxc5 Nxc5 16. Qxe7 Ne6 17. Be3 Be4 18. Ng5 Nxg5 19. Qxg5 Rd5 20. Qg3 Be5
21. f4 Bc7 22. Bd4 Rf5 23. h4 Qb8 24. Qe3 Ba8 25. g3 Qb7 26. Qe8# 1-0

[Event "IX. Rhein-Main-Open"]
[Site "Bad Homburg"]
[Date "2006.06.15"]
[Round "3.44"]
[White "Pfeiffer, Ralf"]
[Black "Ehling, Dieter"]
[Result "1-0"]
[WhiteElo "1505"]
[BlackElo "1310"]
[PlyCount "102"]
[EventDate "2006.??.??"]

1. e4 c6 2. d4 d5 3. e5 Bf5 4. Nf3 e6 5. Bd3 Bxd3 6. Qxd3 Nd7 7. O-O c5 8. c3
Qb6 9. Qe2 Ne7 10. Be3 c4 11. Qc2 Ng6 12. Nbd2 Be7 13. b3 cxb3 14. axb3 O-O 15.
Rfc1 Rfc8 16. c4 Qc7 17. Qb2 Qd8 18. c5 f6 19. b4 f5 20. Nb3 Nh4 21. Nxh4 Bxh4
22. b5 b6 23. c6 Nb8 24. Rc3 Rc7 25. Nd2 Qf8 26. Nf3 Be7 27. Ng5 Bxg5 28. Bxg5
h6 29. Bd2 Qc8 30. Rg3 Kh7 31. Bb4 Nxc6 32. bxc6 Rxc6 33. h3 Rc2 34. Qa3 a5 35.
Bc3 Qc4 36. Qe7 Rg8 37. Qxe6 Rxc3 38. Qxf5+ Kh8 39. Rxc3 Qxc3 40. Rd1 Qc8 41.
e6 Re8 42. Re1 Qd8 43. Re5 Qf6 44. Qg4 Kg8 45. f4 Qd8 46. f5 a4 47. Qf3 Qa8 48.
f6 gxf6 49. Qxf6 Qb7 50. Qxh6 Qh7 51. Rg5+ Kh8 1-0

[Event "IX. Rhein-Main-Open"]
[Site "Bad Homburg"]
[Date "2006.06.15"]
[Round "3.45"]
[White "Kießling, Robert"]
[Black "Reinl, Walter"]
[Result "0-1"]
[WhiteElo "791"]
[BlackElo "1500"]
[PlyCount "84"]
[EventDate "2006.??.??"]

1. e4 c5 2. Bc4 d6 3. d3 Nf6 4. Nc3 e6 5. Be3 Nc6 6. Nf3 Qb6 7. b3 a6 8. O-O
Qc7 9. d4 b5 10. Be2 cxd4 11. Bxd4 Nxd4 12. Qxd4 Bb7 13. e5 dxe5 14. Qxe5 Bd6
15. Qg5 Qxc3 16. Qxg7 Rg8 17. Qxg8+ Nxg8 18. Rac1 Ke7 19. Rfd1 Nf6 20. Rd3 Qc7
21. c3 Rg8 22. b4 Bxf3 23. Bxf3 Bxh2+ 24. Kf1 Be5 25. a3 Qc4 26. Be2 Qe4 27. f3
Qh4 28. Rdd1 Qh1+ 29. Kf2 Rxg2+ 30. Ke3 Qh6+ 31. Kd3 Qg6+ 32. Ke3 Qg5+ 33. Kd3
Qf5+ 34. Kd2 Qxf3 35. Re1 Ne4+ 36. Kc2 Rxe2+ 37. Rxe2 Qxe2+ 38. Kb1 h5 39. Rc2
Nxc3+ 40. Kb2 Na4+ 41. Kb1 Qd1+ 42. Rc1 Qb3# 0-1

[Event "IX. Rhein-Main-Open"]
[Site "Bad Homburg"]
[Date "2006.06.15"]
[Round "3.47"]
[White "Plötz, Hans-Jürgen"]
[Black "Zellmann, Erwant"]
[Result "1-0"]
[WhiteElo "1442"]
[BlackElo "995"]
[PlyCount "107"]
[EventDate "2006.??.??"]

1. d4 Nf6 2. Nf3 g6 3. c4 Bg7 4. Nc3 d6 5. e4 O-O 6. Be2 c5 7. d5 e6 8. O-O Re8
9. Bg5 h6 10. Bf4 e5 11. Be3 Nbd7 12. Nd2 Nb6 13. f4 Nfd7 14. g4 exf4 15. Bxf4
Ne5 16. Rc1 Bd7 17. b3 Nc8 18. Kh1 g5 19. Bg3 Qa5 20. a4 Nxg4 21. Bxg4 Bxg4 22.
Qxg4 Bxc3 23. Qf5 Re7 24. Nf3 Bg7 25. e5 Qd8 26. h4 Qd7 27. Qxd7 Rxd7 28. exd6
g4 29. Nh2 Nxd6 30. Nxg4 f5 31. Ne3 Ne4 32. Be1 Rf8 33. Rxf5 Rxf5 34. Nxf5 Rf7
35. Ng3 Nxg3+ 36. Bxg3 Rf3 37. Bb8 Rxb3 38. Bxa7 Bf8 39. Kg2 Ra3 40. Bb8 Rxa4
41. d6 Ra2+ 42. Kf3 Rd2 43. Rg1+ Kf7 44. Rb1 Bxd6 45. Bxd6 Rxd6 46. Rxb7+ Kg6
47. Rc7 Kh5 48. Rxc5+ Kxh4 49. Rf5 Rc6 50. c5 h5 51. Rf4+ Kh3 52. Rc4 h4 53.
Kf2 Kh2 54. Rxh4# 1-0

[Event "IX. Rhein-Main-Open"]
[Site "Bad Homburg"]
[Date "2006.06.16"]
[Round "4.1"]
[White "Feldtmann, Thomas"]
[Black "Khenkin, Igor"]
[Result "0-1"]
[WhiteElo "2283"]
[BlackElo "2602"]
[PlyCount "80"]
[EventDate "2006.??.??"]

1. e4 c5 2. Nc3 Nc6 3. g3 g6 4. Bg2 Bg7 5. d3 d6 6. f4 Rb8 7. a4 a6 8. Nf3 b5
9. axb5 axb5 10. h3 b4 11. Ne2 Bb7 12. g4 Nf6 13. Ng3 Ra8 14. Rb1 Qa5 15. O-O
Nd7 16. Bd2 O-O 17. f5 Nd4 18. Ng5 Qa4 19. b3 Qa2 20. Rc1 Qb2 21. Be3 Ra2 22.
Rf2 Rfa8 23. Nxf7 Kxf7 24. fxg6+ Kg8 25. gxh7+ Kh8 26. Nh5 Be5 27. g5 Nf8 28.
Qf1 Ng6 29. h4 Ra1 30. Bh3 Rxc1 31. Bxc1 Qa1 32. Bf5 Nxh4 33. g6 Ndxf5 34. exf5
Nf3+ 35. Rxf3 Bxf3 36. Qxf3 Qxc1+ 37. Kg2 Qxc2+ 38. Kh3 Qh2+ 39. Kg4 Qg1+ 40.
Kh3 Ra2 0-1

[Event "IX. Rhein-Main-Open"]
[Site "Bad Homburg"]
[Date "2006.06.16"]
[Round "4.2"]
[White "Milov, Leonid"]
[Black "Malek, Daniel"]
[Result "1-0"]
[WhiteElo "2504"]
[BlackElo "2322"]
[PlyCount "85"]
[EventDate "2006.??.??"]

1. e4 e6 2. d4 d5 3. Nd2 dxe4 4. Nxe4 Nd7 5. Nf3 Ngf6 6. Nxf6+ Nxf6 7. g3 b6 8.
Bg2 Bb7 9. O-O Be7 10. c4 O-O 11. Ne5 Bxg2 12. Kxg2 c5 13. Be3 cxd4 14. Bxd4
Rc8 15. b3 Qc7 16. Qf3 Nd7 17. Rfe1 Nxe5 18. Bxe5 Bd6 19. Bxd6 Qxd6 20. Rad1
Qc7 21. Re3 Rfd8 22. Red3 h6 23. Qe4 g6 24. Qh4 Rxd3 25. Rxd3 Kg7 26. Qd4+ e5
27. Qd7 Qc6+ 28. Rd5 a5 29. Qxc6 Rxc6 30. Rxe5 a4 31. Kf3 axb3 32. axb3 f5 33.
Ke3 Kf6 34. f4 g5 35. Kd4 Rd6+ 36. Kc3 h5 37. Rd5 Re6 38. fxg5+ Kxg5 39. b4 Kf6
40. c5 bxc5 41. bxc5 Re1 42. Rd2 Ke7 43. Kc4 1-0

[Event "IX. Rhein-Main-Open"]
[Site "Bad Homburg"]
[Date "2006.06.16"]
[Round "4.3"]
[White "Drabke, Lorenz Maximilian"]
[Black "Lisanti, Andre"]
[Result "1-0"]
[WhiteElo "2393"]
[BlackElo "2295"]
[PlyCount "49"]
[EventDate "2006.??.??"]

1. e4 c5 2. Nc3 Nc6 3. Nge2 d6 4. d4 cxd4 5. Nxd4 Nf6 6. g3 Bg4 7. f3 Bd7 8.
Be3 a6 9. Qd2 Qc7 10. g4 Nxd4 11. Bxd4 e5 12. Be3 Be6 13. g5 Nd7 14. Nd5 Bxd5
15. Qxd5 Rc8 16. c3 Be7 17. h4 O-O 18. Bh3 Rcd8 19. O-O-O Qc6 20. h5 g6 21.
hxg6 hxg6 22. Qd2 Kg7 23. Bxd7 Qxd7 24. Rh7+ Kxh7 25. Qh2+ 1-0

[Event "IX. Rhein-Main-Open"]
[Site "Bad Homburg"]
[Date "2006.06.16"]
[Round "4.4"]
[White "Dorst, Johannes"]
[Black "Donchenko, Anatoli"]
[Result "1/2-1/2"]
[WhiteElo "2127"]
[BlackElo "2434"]
[PlyCount "20"]
[EventDate "2006.??.??"]

1. e4 c5 2. Nf3 d6 3. d4 cxd4 4. Nxd4 Nf6 5. Nc3 a6 6. Bg5 e6 7. f4 Qb6 8. Qd2
Nc6 9. Bxf6 gxf6 10. Nb3 Bd7 1/2-1/2

[Event "IX. Rhein-Main-Open"]
[Site "Bad Homburg"]
[Date "2006.06.16"]
[Round "4.5"]
[White "Kayser, Felix"]
[Black "Klundt, Klaus"]
[Result "1-0"]
[WhiteElo "2164"]
[BlackElo "2392"]
[PlyCount "73"]
[EventDate "2006.??.??"]

1. e4 c5 2. c3 e5 3. Nf3 Nc6 4. Bc4 Qc7 5. d3 Be7 6. O-O d6 7. Ng5 Nd8 8. Qb3
Bxg5 9. Bxg5 Ne6 10. Be3 Nf6 11. h3 O-O 12. Nd2 Bd7 13. Nf3 b5 14. Bd5 Nxd5 15.
exd5 Nd8 16. Nd2 f5 17. f4 Nf7 18. fxe5 Nxe5 19. c4 Rab8 20. Qc3 Ng6 21. Nf3 f4
22. Bf2 bxc4 23. dxc4 Qb6 24. b3 a5 25. Rfe1 a4 26. h4 Bg4 27. bxa4 Qb4 28.
Rac1 Qxa4 29. Ng5 Qxa2 30. Re6 Rb2 31. Qe1 Ne5 32. Ra1 Qxc4 33. Re7 Rfb8 34.
Kh2 Re2 35. Qb1 Nf3+ 36. Nxf3 Reb2 37. Qxb2 1-0

[Event "IX. Rhein-Main-Open"]
[Site "Bad Homburg"]
[Date "2006.06.16"]
[Round "4.6"]
[White "Bakhmatov, Eduard"]
[Black "Neb, Roland"]
[Result "1-0"]
[WhiteElo "2341"]
[BlackElo "2156"]
[PlyCount "52"]
[EventDate "2006.??.??"]

1. e4 g6 2. d4 Bg7 3. Nc3 c6 4. Nf3 d5 5. h3 Nf6 6. Bd3 dxe4 7. Nxe4 Nbd7 8.
O-O Nxe4 9. Bxe4 Qc7 10. Bg5 O-O 11. Qd2 Nf6 12. Bd3 c5 13. Rfe1 c4 14. Bf4 Qb6
15. Bxc4 Bf5 16. Bb3 Rad8 17. Rxe7 Nd5 18. Bxd5 Rxd5 19. c4 Rdd8 20. Bc7 Qf6
21. Bxd8 Rxd8 22. Rae1 Be6 23. R1xe6 fxe6 24. Rxb7 e5 25. dxe5 Rxd2 26. exf6
Bxf6 1-0

[Event "IX. Rhein-Main-Open"]
[Site "Bad Homburg"]
[Date "2006.06.16"]
[Round "4.7"]
[White "Isserman, Ryhor"]
[Black "Gramlich, Sebastian"]
[Result "0-1"]
[WhiteElo "2309"]
[BlackElo "2122"]
[PlyCount "92"]
[EventDate "2006.??.??"]

1. c4 g6 2. Nf3 Bg7 3. Nc3 Nf6 4. g3 O-O 5. Bg2 d6 6. O-O c6 7. d4 Qa5 8. d5
Qa6 9. Nd2 Nfd7 10. dxc6 bxc6 11. Qc2 Qa5 12. Nb5 Nc5 13. Rb1 a6 14. Na3 Ne6
15. b4 Qh5 16. Nf3 a5 17. b5 Nc5 18. Ng5 h6 19. bxc6 hxg5 20. c7 Nba6 21. Bxa8
Bf5 22. e4 Bh3 23. Qd1 Rxa8 24. Qxh5 gxh5 25. Re1 Nd3 26. Rd1 Nxc1 27. Rdxc1
Nxc7 28. Rb7 Ne6 29. Nb5 Bf6 30. Nc3 Nc5 31. Rb5 Bd7 32. Rbb1 Kg7 33. Nd5 Nxe4
34. Rd1 Bg4 35. Rd3 Nc5 36. Re3 Be6 37. Nc7 Rc8 38. Nxe6+ Nxe6 39. Rb5 a4 40.
Rb4 Nc5 41. Kf1 Rc7 42. h3 Bd4 43. Re2 a3 44. f3 Kg6 45. Rc2 Nd3 46. Ra4 Bb2
0-1

[Event "IX. Rhein-Main-Open"]
[Site "Bad Homburg"]
[Date "2006.06.16"]
[Round "4.8"]
[White "Uwira, Oliver"]
[Black "Diehm, Alexander"]
[Result "1-0"]
[WhiteElo "2256"]
[BlackElo "2111"]
[PlyCount "59"]
[EventDate "2006.??.??"]

1. d4 f5 2. g3 e6 3. Bg2 Nf6 4. Nf3 Be7 5. O-O O-O 6. c4 d6 7. Nc3 a6 8. Re1
Qe8 9. e4 fxe4 10. Nxe4 Nxe4 11. Rxe4 Qg6 12. Qe2 Nc6 13. Bd2 Bf6 14. Bc3 Bd7
15. Bh3 Nd8 16. Rd1 Bc6 17. d5 exd5 18. cxd5 Bb5 19. Qe3 Bxc3 20. bxc3 Re8 21.
Bf5 Qxf5 22. Rxe8+ Bxe8 23. Qxe8+ Qf8 24. Qe4 Nf7 25. Re1 h6 26. Qe6 Kh7 27.
Qf5+ g6 28. Qd7 Rc8 29. Re7 Kg7 30. Nd4 1-0

[Event "IX. Rhein-Main-Open"]
[Site "Bad Homburg"]
[Date "2006.06.16"]
[Round "4.9"]
[White "Brustkern, Jürgen"]
[Black "Diez, Gerhard"]
[Result "1-0"]
[WhiteElo "2242"]
[BlackElo "2014"]
[PlyCount "81"]
[EventDate "2006.??.??"]

1. d4 Nf6 2. Bg5 c5 3. d5 b6 4. c4 g6 5. Nc3 Bg7 6. e4 d6 7. h3 O-O 8. Nf3 Na6
9. Be2 Nc7 10. Qd2 Nfe8 11. Bh6 e5 12. dxe6 Bxe6 13. Bxg7 Kxg7 14. Rd1 Qf6 15.
O-O h6 16. Nh2 Qh4 17. Bd3 Rd8 18. f4 f5 19. exf5 gxf5 20. Nf3 Qh5 21. Rfe1 Rf6
22. Qf2 Rd7 23. Rd2 Kf8 24. Qh4 Qf7 25. b3 Qg8 26. Bf1 Rg6 27. Red1 Qg7 28. Ne2
a6 29. Kh2 b5 30. Ng3 Qf7 31. Be2 Re7 32. Rxd6 Nxd6 33. Ne5 Nce8 34. Nxf7 Bxf7
35. Bh5 Rge6 36. Bxf7 Rxf7 37. Rd5 Rg6 38. Nf1 bxc4 39. bxc4 Nxc4 40. Rxc5 Ned6
41. Rxc4 1-0

[Event "IX. Rhein-Main-Open"]
[Site "Bad Homburg"]
[Date "2006.06.16"]
[Round "4.10"]
[White "Chandler, Patrick"]
[Black "Gutacker, Stephan"]
[Result "1-0"]
[WhiteElo "2199"]
[BlackElo "1982"]
[PlyCount "101"]
[EventDate "2006.??.??"]

1. e4 e5 2. f4 exf4 3. Nf3 Be7 4. Bc4 Bh4+ 5. Kf1 d5 6. exd5 Bg4 7. d3 Bf6 8.
Nc3 Bxc3 9. bxc3 Ne7 10. h3 Bxf3 11. Qxf3 O-O 12. Rb1 Nd7 13. Bb3 Nc5 14. Ba3
Nxb3 15. axb3 Re8 16. Bxe7 Qxe7 17. Kg1 Qe3+ 18. Qxe3 Rxe3 19. Kf2 Rae8 20.
Rhe1 g5 21. Rxe3 Rxe3 22. Ra1 a6 23. b4 f5 24. Ra5 g4 25. hxg4 fxg4 26. d6 g3+
27. Kf1 cxd6 28. Rf5 Re6 29. Rxf4 Rg6 30. Ke2 Re6+ 31. Kf3 Re1 32. Rc4 Rc1 33.
Rc8+ Kf7 34. Rc7+ Ke6 35. Rxb7 Rxc2 36. Rc7 Rd2 37. d4 Kd5 38. Kxg3 h6 39. Kf3
Ra2 40. Ke3 Rxg2 41. c4+ Ke6 42. Rc6 Kd7 43. Rxa6 h5 44. c5 dxc5 45. bxc5 h4
46. Rh6 Rh2 47. d5 Rh1 48. Rh7+ Kd8 49. Kd4 h3 50. Ke5 h2 51. Kd6 1-0

[Event "IX. Rhein-Main-Open"]
[Site "Bad Homburg"]
[Date "2006.06.16"]
[Round "4.11"]
[White "Biegel, Thomas"]
[Black "Weise, Martin"]
[Result "1/2-1/2"]
[WhiteElo "1999"]
[BlackElo "2175"]
[PlyCount "66"]
[EventDate "2006.??.??"]

1. Nf3 Nf6 2. d4 e6 3. e3 c5 4. Bd3 d5 5. b3 Nc6 6. O-O Bd6 7. Bb2 O-O 8. Nbd2
Qe7 9. Ne5 cxd4 10. exd4 Ba3 11. Bxa3 Qxa3 12. Ndf3 a5 13. Qd2 Ne4 14. Qf4 f5
15. Nxc6 bxc6 16. Ne5 Qd6 17. f3 Nf6 18. Ng6 Qxf4 19. Nxf4 g5 20. Nh3 h6 21.
Rfe1 Bd7 22. Nf2 Rfb8 23. Bf1 Rb6 24. Nd3 Re8 25. Nc5 Bc8 26. Bd3 Kf7 27. Re2
Nh5 28. g3 Nf6 29. Rae1 Rb8 30. Kf2 Ra8 31. Kg2 Ra7 32. Kf2 Rae7 33. c3 Ra7
1/2-1/2

[Event "IX. Rhein-Main-Open"]
[Site "Bad Homburg"]
[Date "2006.06.16"]
[Round "4.12"]
[White "Ewin, Hans-Peter"]
[Black "Schell, Walter"]
[Result "0-1"]
[WhiteElo "1976"]
[BlackElo "2112"]
[PlyCount "34"]
[EventDate "2006.??.??"]

1. e4 e5 2. f4 d5 3. exd5 c6 4. Qe2 cxd5 5. fxe5 Nc6 6. Nf3 Bg4 7. c3 Qc7 8. d3
O-O-O 9. Bf4 Re8 10. Nbd2 f6 11. h3 Bh5 12. g4 Bg6 13. d4 Bd6 14. O-O-O fxe5
15. dxe5 Nxe5 16. Bxe5 Rxe5 17. Nxe5 Qxc3+ 0-1

[Event "IX. Rhein-Main-Open"]
[Site "Bad Homburg"]
[Date "2006.06.16"]
[Round "4.13"]
[White "Willems, Matthias"]
[Black "Ochmann, Reimund"]
[Result "1/2-1/2"]
[WhiteElo "2112"]
[BlackElo "1944"]
[PlyCount "144"]
[EventDate "2006.??.??"]

1. d4 d5 2. Nf3 Nf6 3. c4 c6 4. e3 e6 5. Nbd2 Nbd7 6. b3 Bd6 7. Bb2 O-O 8. Bd3
Re8 9. Ne5 Nf8 10. Qf3 Qe7 11. O-O N6d7 12. Nxd7 Bxd7 13. e4 Qg5 14. Qe2 Ng6
15. Nf3 Qg4 16. h3 Qh5 17. e5 Nf4 18. Qe3 Nxd3 19. Qxd3 Be7 20. c5 a5 21. a3
Bc8 22. Qc2 Rf8 23. Rfe1 Rb8 24. Bc3 b6 25. cxb6 c5 26. Bxa5 Bb7 27. dxc5 Rbc8
28. Bb4 f6 29. a4 d4 30. Nxd4 fxe5 31. Nxe6 Rf6 32. Qc4 Kh8 33. Qg4 Qxg4 34.
hxg4 Rxe6 35. Rad1 Bc6 36. a5 Ra8 37. f4 e4 38. Kf2 Rf8 39. g3 Rh6 40. Ke3 Rh3
41. Rg1 Bh4 42. Rd6 Bb5 43. c6 Bxg3 44. Rxg3 Rxg3+ 45. Kxe4 Rxb3 46. Bc5 Re8+
47. Kd5 h5 48. c7 Ba6 49. Rd8 Rg8 50. gxh5 Bb7+ 51. Kc4 Rb1 52. Bf8 Kh7 53. Kc5
g6 54. h6 g5 55. Kd4 g4 56. Ke5 Rb5+ 57. Ke6 g3 58. f5 Rxf8 59. Rxf8 g2 60.
Rf7+ Kxh6 61. Rf6+ Kh5 62. Rg6 Rxa5 63. Rxg2 Rb5 64. f6 Rxb6+ 65. Ke7 Rc6 66.
Rh2+ Kg6 67. f7 Rxc7+ 68. Ke6 Bc8+ 69. Ke5 Rxf7 70. Rg2+ Kh5 71. Rg1 Bg4 72.
Ke4 Kg5 {...} 1/2-1/2

[Event "IX. Rhein-Main-Open"]
[Site "Bad Homburg"]
[Date "2006.06.16"]
[Round "4.14"]
[White "Niedenthal, Robert"]
[Black "Minor, Samuel"]
[Result "0-1"]
[WhiteElo "1963"]
[BlackElo "2100"]
[PlyCount "46"]
[EventDate "2006.??.??"]

1. c4 f5 2. d4 Nf6 3. Nc3 g6 4. f3 Bg7 5. e4 d6 6. e5 dxe5 7. dxe5 Qxd1+ 8.
Kxd1 Nfd7 9. f4 Nc5 10. Be3 Ne6 11. Nf3 Nd7 12. g3 c6 13. Bg2 g5 14. Ke2 gxf4
15. gxf4 Bh6 16. Ng5 Bxg5 17. fxg5 Nxe5 18. b3 O-O 19. Raf1 f4 20. Bg1 Nxg5 21.
Be4 Bh3 22. Rf2 f3+ 23. Kd2 Rad8+ 0-1

[Event "IX. Rhein-Main-Open"]
[Site "Bad Homburg"]
[Date "2006.06.16"]
[Round "4.15"]
[White "White, Herbert"]
[Black "Ellrich, Jochen"]
[Result "0-1"]
[WhiteElo "1961"]
[BlackElo "2090"]
[PlyCount "102"]
[EventDate "2006.??.??"]

1. Nf3 e6 2. c4 Nf6 3. d4 Bb4+ 4. Bd2 Bxd2+ 5. Nbxd2 d6 6. Qc2 Nc6 7. e4 e5 8.
d5 Ne7 9. c5 O-O 10. Nc4 b6 11. cxd6 cxd6 12. Bd3 Bg4 13. Nfd2 b5 14. Ne3 Qb6
15. O-O Rac8 16. Qb3 Rc5 17. a4 Bd7 18. a5 Qb8 19. Qd1 Ng6 20. Nb3 Rc7 21. Nc2
Nf4 22. Nb4 Rc4 23. Bxc4 bxc4 24. Nc6 Qxb3 25. Qxb3 cxb3 26. f3 Bxc6 27. dxc6
Rc8 28. Ra3 Ne2+ 29. Kf2 Nd4 30. Rc1 Ne8 31. Ra4 Nc7 32. Rb4 Ncb5 33. c7 Kf8
34. a6 Ke7 35. g4 Kd7 36. Kg3 Ne2+ 37. Kh4 Nxc1 38. Rxb5 Rxc7 39. Rb8 Rc8 40.
Rb7+ Rc7 41. Rb8 Nd3 42. Rxb3 Nc5 43. Ra3 Rc6 44. b4 Rxa6 45. Rc3 Ne6 46. g5
Ra2 47. h3 Nf4 48. Kg4 g6 49. b5 Rg2+ 50. Kh4 h6 51. gxh6 g5# 0-1

[Event "IX. Rhein-Main-Open"]
[Site "Bad Homburg"]
[Date "2006.06.16"]
[Round "4.16"]
[White "Wiege, Andre"]
[Black "Reyher, Werner"]
[Result "1-0"]
[WhiteElo "2083"]
[BlackElo "1834"]
[PlyCount "83"]
[EventDate "2006.??.??"]

1. e4 e5 2. Nf3 Nc6 3. Bc4 Bc5 4. c3 Nf6 5. d3 d6 6. O-O O-O 7. Bg5 Qe7 8. Nbd2
Na5 9. Bb5 a6 10. Ba4 b5 11. Bc2 Bb6 12. h3 c5 13. Re1 Nc6 14. Nf1 h6 15. Be3
d5 16. exd5 Nxd5 17. d4 Rd8 18. N1d2 c4 19. Qb1 Be6 20. a4 Nxe3 21. fxe3 Rab8
22. axb5 axb5 23. Nf1 Qf6 24. Ng3 Bd5 25. Rf1 Qd6 26. Nf5 Qf8 27. Kh1 g6 28.
Ng3 exd4 29. exd4 Bc7 30. Ne4 Bxe4 31. Bxe4 Ne7 32. Ra7 Bg3 33. Nd2 f5 34. Bc2
h5 35. Ne4 Bh4 36. Qc1 Rb6 37. Nc5 Ra8 38. Nd7 Rxa7 39. Nxf8 Kxf8 40. Qh6+ Kg8
41. Bxf5 Rf6 42. Be6+ 1-0

[Event "IX. Rhein-Main-Open"]
[Site "Bad Homburg"]
[Date "2006.06.16"]
[Round "4.17"]
[White "Wanie, Karsten"]
[Black "Hillgaertner, Walter"]
[Result "1-0"]
[WhiteElo "2056"]
[BlackElo "2055"]
[PlyCount "119"]
[EventDate "2006.??.??"]

1. d4 Nf6 2. c4 g6 3. Nf3 Bg7 4. g3 O-O 5. Bg2 c5 6. d5 d6 7. Nc3 Na6 8. O-O
Nc7 9. e4 a6 10. a4 b6 11. Re1 Rb8 12. e5 Nfe8 13. Qe2 Bd7 14. Bf4 b5 15. b3
bxc4 16. bxc4 Rb3 17. Ne4 Bf5 18. Reb1 Qb8 19. Qc2 Rb4 20. Bd2 Rb7 21. Rxb7
Qxb7 22. Rb1 Qc8 23. Bc3 e6 24. g4 Bxe4 25. Qxe4 exd5 26. cxd5 dxe5 27. Nxe5
Nd6 28. Qf4 Nce8 29. Nc6 Qd7 30. Bxg7 Nxg7 31. Nb8 Qe7 32. Nxa6 f5 33. Nxc5
fxg4 34. Qe3 Qf6 35. Ne6 Ngf5 36. Qg5 Qxg5 37. Nxg5 Ra8 38. Rb4 h5 39. Ne4 Kg7
40. Nxd6 Nxd6 41. Bf1 Kf6 42. Bb5 Ke5 43. Bc6 Ra5 44. Kf1 Rc5 45. Rb1 Ne4 46.
Rb2 Rc1+ 47. Ke2 Ra1 48. Kd3 Rc1 49. Rc2 Ra1 50. Re2 Ra3+ 51. Kc4 Rc3+ 52. Kb4
Rc1 53. Kb5 Kd4 54. Rxe4+ Kxe4 55. d6+ Ke5 56. d7 Rd1 57. Kb6 Kf6 58. Kc7 Ke7
59. a5 h4 60. a6 1-0

[Event "IX. Rhein-Main-Open"]
[Site "Bad Homburg"]
[Date "2006.06.16"]
[Round "4.18"]
[White "Huss, Rolf"]
[Black "Förster, Rudi"]
[Result "1/2-1/2"]
[WhiteElo "2112"]
[BlackElo "1967"]
[PlyCount "48"]
[EventDate "2006.??.??"]

1. d4 d5 2. c4 Nc6 3. Nf3 Bg4 4. cxd5 Bxf3 5. dxc6 Bxc6 6. Nc3 e6 7. e4 Bb4 8.
f3 Nf6 9. Bg5 h6 10. Be3 Nh5 11. Bd3 Qh4+ 12. g3 Qe7 13. O-O O-O-O 14. a3 Ba5
15. Qe2 Bb6 16. Qf2 f5 17. exf5 e5 18. d5 Bxd5 19. Nxd5 Rxd5 20. Be4 Bxe3 21.
Qxe3 Rd4 22. Rfe1 Qd6 23. Qb3 c6 24. Qf7 Nf6 1/2-1/2